Scientific Fields of Study - Statistics

General Stats
  • This quiz has been taken 46 times
  • The average score is 8 of 22
Answer Stats
Hint Answer % Correct
Oncology Cancer
84%
Ornithology Birds
65%
Mycology Fungi
59%
Gerontology Aging
57%
Apiology Bees
54%
Nephrology
Kidneys
54%
Lepidopterology Butterflies & Moths
46%
Selenology The Moon
43%
Emetology Vomiting
41%
Roentgenology X-Rays
38%
Myology Muscles
35%
Ethology Animal Behavior
30%
Speleology Caves
30%
Bryology Mosses
27%
Carcinology Crabs
24%
Malacology Molluscs
24%
Cetology Whales & Dolphins
24%
Sindonology The Shroud of Turin
22%
Anemology Wind
22%
Myrmecology Ants
19%
Limnology Bodies of Fresh Water
16%
Nephology Clouds
14%
No matching quizzes found
Score Distribution
Percent of People with Each Score
Percentile by Number Answered
Your Score History
You have not taken this quiz